Compendio historico de la vida del beato Gaspar de Bono, del Orden de Minimos / (Record no. 162709)

MARC details
000 -LEADER
campo de control de longitud fija 00879nam a2200217 i 4500
001 - NÚMERO DE CONTROL
campo de control 162709
003 - IDENTIFICADOR DE NÚMERO DE CONTROL
campo de control ES-MaACL
005 - FECHA Y HORA DE LA ÚLTIMA TRANSACCIÓN
campo de control 20251003170412.0
008 - DATOS DE LONGITUD FIJA--INFORMACIÓN GENERAL
campo de control de longitud fija 931025s1787 sp |||| | spa d
040 ## - FUENTE DE CATALOGACIÓN
Centro catalogador/agencia de origen CARM
Lengua de catalogación spa
Centro/agencia transcriptor PAB
100 1# - ENTRADA PRINCIPAL--NOMBRE DE PERSONA
Nombre de persona Puimayor y Badar, Félix.
9 (RLIN) 131428
245 10 - MENCIÓN DEL TÍTULO
Título Compendio historico de la vida del beato Gaspar de Bono, del Orden de Minimos /
Mención de responsabilidad, etc. lo escrivió D. Felix Puimayor y Budar ... hermano profeso de la Ven. Orden Tercera de la misma Minima Familia...
260 ## - PUBLICACIÓN, DISTRIBUCIÓN, ETC.
Lugar de publicación, distribución, etc. En Valencia :
Nombre del editor, distribuidor, etc. por Joseph Estevan,
Fecha de publicación, distribución, etc. 1787.
300 ## - DESCRIPCIÓN FÍSICA
Extensión [32], 384 p. ;
Dimensiones 8º.
597 #1 - NOTA DE DESCRIPCIÓN FÍSICA
NOTA DE DESCRIPCIÓN FÍSICA Sign.: [*]-2*\p8\s, A-Z\p8\s, 2A\p8\s.
600 17 - PUNTO DE ACCESO ADICIONAL DE MATERIA--NOMBRE DE PERSONA
Nombre de persona Gaspar de Bono,
Títulos y otros términos asociados al nombre Beato-
Subdivisión de forma Biografias
Fuente del encabezamiento o término
9 (RLIN) 127251
700 11 - ENTRADA AGREGADA--NOMBRE PERSONAL
Nombre de persona Estevan, José,
Término indicativo de función/relación
9 (RLIN) 126974
752 ## - ENTRADA AGREGADA--NOMBRE JERÁRQUICO DEL LUGAR
País o entidad superior España -
Ciudad , Valencia
852 ## - LOCALIZACIÓN
Ubicación ES-MaACL
Número de control de estantería R-939
Nota libre -- Enc. perg.
Encuadernación - Olim: G-3973
Holdings
Estatus retirado Estado de pérdida Estado de daño No para préstamo Colección Biblioteca de origen Biblioteca actual Ubicación en estantería Fecha de adquisición Fuente de adquisición Total de préstamos Signatura topográfica completa Código de barras Visto por última vez Precio de reemplazo Tipo de ítem Koha
        Libros del s. XVIII Biblioteca del Ateneo de Madrid Biblioteca del Ateneo de Madrid Depósito 17/01/2008     R-939 1170465 23/02/2023 23/02/2023 Libro impreso antiguo